Antiquarian, ethnological and other researches in New Granada, Equator, Peru and Chile, with observations on the Pre-Incarial, Incarial, and other monuments of peruvian nations. By William Bollaert, F. R. G. S. With Plates

Uloženo v:
Podrobná bibliografie
Hlavní autor: Bollaert, William (Autor)
Médium: Kniha
Jazyk:angličtina
Vydáno: Londres Trübner & Co., Paternoster Row 1860
Vydání:1a. ed
Témata:
Tagy: Přidat tag
Žádné tagy, Buďte první, kdo vytvoří štítek k tomuto záznamu!

MARC

LEADER 00000nam a2200000 a 4500
001 UCJ6422
003 CL-VaPUC
008 070124e18600000UK |||||||||||||||||eng|d
082 0 4 |a 980  |b BOL  |2 21 
100 0 |a Bollaert, William  |e author  |9 513054 
245 1 0 |a Antiquarian, ethnological and other researches in New Granada, Equator, Peru and Chile, with observations on the Pre-Incarial, Incarial, and other monuments of peruvian nations. By William Bollaert, F. R. G. S. With Plates 
250 |a 1a. ed 
300 |a 279 p 
942 |c BK 
945 |d 20070124 00:00:00  |a rinostro 
260 |a Londres  |b Trübner & Co., Paternoster Row  |c 1860 
500 |a Ilustraciones sin indizar 
650 0 |a Culturas precolombinas  |9 408769 
650 7 |a INCAS  |2 CL-VaPUC  |9 256565 
650 0 |a Etnografía   |9 309735 
650 0 |a Arte precolombino  |9 330955 
650 0 |a Ilustraciones  |9 369481 
651 0 |a Colombia  |9 256424 
651 0 |a Ecuador  |9 258378 
651 7 |a CHILE  |2 CL-VaPUC  |9 513055 
651 0 |a Perú  |9 256567 
583 |a last modification  |c 20070124 00:00:00  |k Rodrigo Vera 
999 |c 322527  |d 322525 
952 |0 0  |1 0  |4 0  |6 980_000000000000000_BOL_1860  |7 0  |8 X  |9 401535  |a FDOBUD  |b FDOBUD  |d 2019-11-22  |i 1047396  |o 980 BOL 1860  |p 1047396  |r 2019-11-22  |w 2019-11-22  |y BK_X  |k BUD